000 00725nam a2200205Ia 4500
003 GCL
005 20240530103158.0
008 140319s9999 xx 000 0 ara d
040 _aGCL /
_cGCL
082 0 4 _aش ف
_b7914.43
_bف ر
100 1 _aفطين عبدالوهاب
245 1 0 _aرحلة لذيذة (شرائط فيديو) /
_cفطين عبدالوهاب
260 _aالقاهرة :
_bافلام جمال الليثى للسينما والفيديو
300 _a1 شريط:
_bس ، ب ؛
_c1\2 بوصة
650 0 4 _aالافلام العربية
650 0 4 _aالفيديو، أشرطة
650 0 4 _aالتسجيلات المرئية
650 0 4 _aالافلام الكوميدية
942 _2ddc
_cVM
999 _c37368
_d37368